Video Game Characters By One Sentence - Statistics

General Stats
  • This quiz has been taken 31 times
  • The average score is 8 of 15
Answer Stats
Hint Answer % Correct
A plumber who travels through pipes to rescue a princess from a giant turtle. Mario
100%
A blue hedgehog who runs faster than most cars. Sonic
96%
An archaeologist who raids temples while performing acrobatics as if gravity doesn’t exist. Lara Croft
81%
A green-clad hero who travels through time but never says a word. Link
77%
A supersoldier in green armor who defends humanity from alien alliances. Master Chief
73%
A pink blob who eats everything and becomes whatever he just swallowed. Kirby
69%
A space bounty hunter in a high-tech suit who spends 90% of her games anonymous. Samus Aran
62%
A grumpy father figure with an axe who constantly has to explain that his son must listen. Kratos
46%
A man who uses cardboard boxes as the ultimate camouflage. Solid Snake
46%
A shop-running raccoon who traps you on an island and makes you collect animals like they’re Pokémon with debt. Tom Nook
42%
A flu-infected knight who battles through an enchanted world of insects. The Knight (Hollow Knight)
35%
A dragon-raising prince from a strategy game, now mostly known through meme-tier hype. Marth (Fire Emblem)
12%
A hunter of monsters who loses his souls every time he gets hit. The Hunter (Bloodborne)
12%
Two brothers who try to save the world by… dancing rhythmically on arrow keys. Dance Dance Revolution protagonist
8%
A mercenary in a red outfit who solves everything by creating even more explosions. Rico Rodriguez (Just Cause)
4%
No matching quizzes found
Score Distribution
Percent of People with Each Score
Percentile by Number Answered
Your Score History
You have not taken this quiz